000 00872cab a2200265 4500
001 ABS51760
008 090401t1994 xxu||||| |||| 00| 0 eng d
035 _a(Sirsi) u43086
041 _aeng
100 _aThompson, J.C.
245 _aMetal exchange
260 _c1994
350 _a0
490 _aBuilding
_v259(7869) 18 November 1994, 46-47(2)
520 _aExamines the work of the pan-European CIMsteel research team, developing a protocol for electronic data exchange within the design and manufacture of constructional steelwork.
650 _aCIMSTEEL
650 _aCOMPUTER INTEGRATED MANUFACTURING
650 _aDATA TRANSFER
650 _aELECTRONIC DATA INTERCHANGE
650 _aELECTRONIC DATA EXCHANGE
650 _aSTEEL INDUSTRY
690 _aMANAGEMENT-BUSINESS MANAGEMENT-INFORMATION MANAGEMENT
942 _n0
948 _c04/03/1997
999 _c27551
_d27551